Lana Del Rey A.K.A. Lizzy Grant - Album (Lana Del Rey) - Statistics

General Stats
  • This quiz has been taken 14 times
  • The average score is 11 of 13
Answer Stats
# Title % Correct
2. Queen of the Gas Station
100%
12. Smarty
100%
13. Yayo
100%
4. Gramma (Blue Ribbon Sparkler Trailer Heaven)
86%
1. Kill Kill
86%
3. Oh Say Can You See
86%
9. Pawn Shop Blues
86%
11. Put Me in a Movie
86%
10. Brite Lites
71%
5. For K, Pt.2
71%
6. Jump
71%
8. Raise Me up (Mississipi South)
71%
7. Mermaid Motel
57%
No matching quizzes found
Score Distribution
Percent of People with Each Score
Percentile by Number Answered
Your Score History
You have not taken this quiz